书目信息 |
| 题名: |
化工热力学
|
|
| 作者: | 朱自强, , 吴有庭 编著 | |
| 分册: | ||
| 出版信息: | 北京 化学工业出版社 2009.9 |
|
| 页数: | 362页 | |
| 开本: | 26cm | |
| 丛书名: | ||
| 单 册: | ||
| 中图分类: | TQ013.1 | |
| 科图分类: | ||
| 主题词: | 化工热力学--hua gong re li xue--高等学校--教材 | |
| 电子资源: | ||
| ISBN: | 978-7-122-06491-2 | |
| 000 | 01272cam0 2200289 45 | |
| 001 | 012001000212 | |
| 005 | 20191107171917.23 | |
| 010 | @a978-7-122-06491-2@dCNY38.00 | |
| 099 | @aCAL 012009175364 | |
| 100 | @a20091117d2010 em y0chiy50 ea | |
| 101 | 0 | @achi |
| 102 | @aCN@b110000 | |
| 105 | @aak a 000yy | |
| 106 | @ar | |
| 200 | 1 | @a化工热力学@Ahua gong re li xue@f朱自强, 吴有庭编著 |
| 205 | @a第3版 | |
| 210 | @a北京@c化学工业出版社@d2009.9 | |
| 215 | @a362页@c图@d26cm | |
| 300 | @a普通高等教育“十一五”国家级规划教材 | |
| 320 | @a有书目 | |
| 330 | @a全书共9章。本书在第二版基础上修订,对内容作了增删,重新改写了第二版的第1、2章,把第2章内容进行了扩充和分割,增添了第3章,即纯流体的热力学性质计算,以加强这方面的基础。另外,部分改写了6~9章,精练了文字和更换了例题、补充附录。本书包括:绪论、流体的状态方程、纯流体的热力学性质计算、热力学第一定律及其应用、热力学第二定律及其应用、化工过程热力学分析、溶液热力学基础、流体相平衡、化学反应平衡及附录。 | |
| 606 | 0 | @a化工热力学@Ahua gong re li xue@x高等学校@j教材 |
| 690 | @aTQ013.1@v4 | |
| 701 | 0 | @a朱自强,@AZhu Ziqiang@f1930-@4编著@3CAL n2004096388#@7jt0yjt0y@7ec0yec0y |
| 701 | 0 | @a吴有庭@Awu you ting@4编著 |
| 801 | 0 | @aCN@b北京卓展文化@c20191020 |
| 905 | @b1195679-82@dTQ013.1@e481=3@f4 | |
| 化工热力学/朱自强, 吴有庭编著.-第3版.-北京:化学工业出版社,2009.9 |
| 362页:图;26cm |
| 普通高等教育“十一五”国家级规划教材 |
| ISBN 978-7-122-06491-2:CNY38.00 |
| 全书共9章。本书在第二版基础上修订,对内容作了增删,重新改写了第二版的第1、2章,把第2章内容进行了扩充和分割,增添了第3章,即纯流体的热力学性质计算,以加强这方面的基础。另外,部分改写了6~9章,精练了文字和更换了例题、补充附录。本书包括:绪论、流体的状态方程、纯流体的热力学性质计算、热力学第一定律及其应用、热力学第二定律及其应用、化工过程热力学分析、溶液热力学基础、流体相平衡、化学反应平衡及附录。 |
| ● |
| 相关链接 |
|
|
|
|
正题名:化工热力学
索取号:TQ013.1/481=3
 
预约/预借
| 序号 | 登录号 | 条形码 | 馆藏地/架位号 | 状态 | 备注 |
| 1 | 1195679 | 211956793 | 第二样本阅览室/ [索取号:TQ013.1/481=3] | 在馆 | |
| 2 | 1195680 | 211956800 | 第三借阅区/ [索取号:TQ013.1/481=3] | 在馆 | |
| 3 | 1195681 | 211956819 | 第三借阅区/ [索取号:TQ013.1/481=3] | 在馆 | |
| 4 | 1195682 | 211956828 | 第三借阅区/ [索取号:TQ013.1/481=3] | 在馆 |